00337nam a22001097a 4500082001900000100001600019245007600035260003800111300002900149526003700178650001200215 a620.11bPAScD aPascoe, K.J aAn introduction to the properties of engineering materialscPascoe, K.J aLondonbBlackie and son Ltdc1961 a295 p. :bill, ;c20 cm. a0b0c0d620_110000000000000_PAS aD (MCE)